Chaos, resonance and collective dynamical phenomena in the solar system (Record no. 10407)

MARC details
000 -LEADER
fixed length control field 00977nam a2200241Ia 4500
003 - CONTROL NUMBER IDENTIFIER
control field IN-BaIIA
008 - FIXED-LENGTH DATA ELEMENTS--GENERAL INFORMATION
fixed length control field 211028s9999 xx 000 0 eng d
020 ## - INTERNATIONAL STANDARD BOOK NUMBER
International Standard Book Number 0-7923-1782-3
040 ## - CATALOGING SOURCE
Transcribing agency IIA Library
080 ## - UNIVERSAL DECIMAL CLASSIFICATION NUMBER
Universal Decimal Classification number 082.2:52
Item number IAU-S152
111 ## - MAIN ENTRY--MEETING NAME
Meeting name or jurisdiction name as entry element Symposium of the International Astronomical Union
Location of meeting Brazil
Date of meeting or treaty signing 1991 July 15-19
9 (RLIN) 17695
245 #0 - TITLE STATEMENT
Title Chaos, resonance and collective dynamical phenomena in the solar system
Remainder of title proceedings of the 152nd symposium of the International Astronomical Union, held in Angra Dos Reis, Brazil, July 15-19, 1991
Statement of responsibility, etc. edited by S. Ferraz-Mello
260 ## - PUBLICATION, DISTRIBUTION, ETC.
Place of publication, distribution, etc. Dordrecht
Name of publisher, distributor, etc. Kluwer Academic
Date of publication, distribution, etc. 1992
300 ## - PHYSICAL DESCRIPTION
Extent xii, 416p.
490 ## - SERIES STATEMENT
Series statement IAU Symposium; no. 152
650 ## - SUBJECT ADDED ENTRY--TOPICAL TERM
Topical term or geographic name entry element Astronomy and Astrophysics Thesaurus
650 ## - SUBJECT ADDED ENTRY--TOPICAL TERM
Topical term or geographic name entry element Chaos
9 (RLIN) 10923
650 ## - SUBJECT ADDED ENTRY--TOPICAL TERM
Topical term or geographic name entry element Planetary System
9 (RLIN) 756
650 ## - SUBJECT ADDED ENTRY--TOPICAL TERM
Topical term or geographic name entry element Solar System
700 ## - ADDED ENTRY--PERSONAL NAME
Personal name Ferraz-Mello, S ed.
9 (RLIN) 17696
710 ## - ADDED ENTRY--CORPORATE NAME
Corporate name or jurisdiction name as entry element International Astronomical Union
942 ## - ADDED ENTRY ELEMENTS (KOHA)
Koha item type Books
Holdings
Withdrawn status Lost status Damaged status Not for loan Home library Current library Shelving location Date acquired Cost, normal purchase price Total Checkouts Full call number Barcode Date last seen Cost, replacement price Price effective from Koha item type Purchase Price
        IIA Library-Bangalore IIA Library-Bangalore General Stacks 11/08/1992 1627.40   082.2:52/ IAU-S152 11317 05/11/2021 1627.40 11/08/1992 Books Rs. 1627.40

Powered by Koha